|
|
|
|
| LEADER |
01891nam a2200445 i 4500 |
| 001 |
EBC1936499 |
| 003 |
MiAaPQ |
| 005 |
20200903223051.0 |
| 006 |
m o d | |
| 007 |
cr cnu|||||||| |
| 008 |
150223t20142014sz a o 000 0 spa d |
| 020 |
|
|
|z 9789222286676
|
| 020 |
|
|
|a 9789222286683
|q (electronic bk.)
|
| 035 |
|
|
|a (MiAaPQ)EBC1936499
|
| 035 |
|
|
|a (Au-PeEL)EBL1936499
|
| 035 |
|
|
|a (CaPaEBR)ebr11018268
|
| 035 |
|
|
|a (OCoLC)902958088
|
| 040 |
|
|
|a MiAaPQ
|b eng
|e rda
|e pn
|c MiAaPQ
|d MiAaPQ
|
| 043 |
|
|
|a a------
|
| 050 |
|
4 |
|a HC412
|b .D44 2014
|
| 082 |
0 |
|
|a 338.95
|2 23
|
| 245 |
0 |
3 |
|a Le defi des inegalites /
|c International Labour Office.
|
| 250 |
|
|
|a Premiere edition.
|
| 264 |
|
1 |
|a Geneva, Switzerland :
|b International Labour Office,
|c 2014.
|
| 264 |
|
4 |
|c 2014
|
| 300 |
|
|
|a 1 online resource (179 pages) :
|b illustrations.
|
| 336 |
|
|
|a text
|2 rdacontent
|
| 337 |
|
|
|a computer
|2 rdamedia
|
| 338 |
|
|
|a online resource
|2 rdacarrier
|
| 490 |
0 |
|
|a Journal International de Recherche Syndicale,
|x 2076-9830 ;
|v Volume 6, Number 1
|
| 588 |
|
|
|a Description based on online resource; title from PDF title page (ebrary, viewed February 16, 2015).
|
| 590 |
|
|
|a Electronic reproduction. Ann Arbor, MI : ProQuest, 2016. Available via World Wide Web. Access may be limited to ProQuest affiliated libraries.
|
| 650 |
|
0 |
|a Comparative economics.
|
| 651 |
|
0 |
|a Asia
|x Economic conditions
|y 21st century.
|
| 651 |
|
0 |
|a Asia
|x Economic policy.
|
| 655 |
|
4 |
|a Electronic books.
|
| 710 |
2 |
|
|a International Labour Office.
|
| 776 |
0 |
8 |
|i Print version:
|t Defi des inegalites.
|b Premiere edition.
|d Geneva, Switzerland : International Labour Office, c2014
|h 183 pages
|k Journal International de Recherche Syndicale ; Volume 6, Number 1
|z 9789222286676
|
| 797 |
2 |
|
|a ProQuest (Firm)
|
| 856 |
4 |
0 |
|u https://ebookcentral.proquest.com/lib/matrademy/detail.action?docID=1936499
|z Click to View
|